000 04181cam a22006135i 4500
001 data
005 20260322212112.0
006 data
007 data
008 data
035 _a21733745
906 _a0
_bibc
_corigres
_du
_encip
_f20
_gy-gencatlg
925 0 _aacquire
_epcnspringer
_xpolicy default
010 _a 2019751461
020 _a9783030015176
024 7 _a10.1007/978-3-030-01517-6
_2doi
035 _a(DE-He213)978-3-030-01517-6
040 _aDLC
_beng
_erda
_erda
_cDLC
072 7 _aBUS087000
_2bisacsh
072 7 _aKJMV6
_2bicssc
072 7 _aKJMV6
_2thema
072 7 _aPDG
_2thema
082 0 4 _a658.514
_223
097 0 0 _aHD28-70
100 1 _aCarayannis, Elias G,
_eauthor.
245 1 0 _aSmart Quintuple Helix Innovation Systems :
_bHow Social Ecology and Environmental Protection are Driving Innovation, Sustainable Development and Economic Growth /
_cby Elias G. Carayannis, David F. J. Campbell.
250 _a1st ed. 2019.
264 1 _aCham :
_bImprint: Springer,
_bImprint: Springer,
_c2019.
300 _a1 online resource (IX, 67 pages 7 illustrations)
336 _atext
_btxt
_2rdacontent
337 _acomputer
_bc
_2rdamedia
338 _aonline resource
_bcr
_2rdacarrier
347 _atext file
_bPDF
_2rda
490 1 _aSpringerBriefs in Business,
_x2191-5482
505 0 _aChapter1. Introduction -- Chapter2. Definition of Key Terms: Knowledge, Knowledge Production, Innovation, Democracy, and Governance -- Chapter3. Mode 1, Mode 2 and Mode 3: Triple Helix and Quadruple Helix -- Chapter4. Sustainable Development, Social Ecology and the Quintuple Helix -- Chapter5. Innovation Systems in Conceptual Evolution: Mode 3 Knowledge Production in Quadruple and Quintuple Helix Innovation Systems -- Chapter6. Conclusion: Smart Quintuple Helix Innovation Systems.-.
520 _aThis volume examines the relationships among social ecology, innovation, sustainable development and economic growth. Using the principles of Quintuple Helix innovation system, the authors argue that social ecology and environmental management are supporters and drivers of innovation, sustainable development and economic growth. The Quintuple Helix innovation model focuses on the interactions among five key elements of society: academia, industry, government, culture, and the environment--with particular respect to harnessing knowledge to promote social, political, and economic development. The Quintuple Helix is a powerful theoretical and practical lens for analyzing and understanding such critical and complex ecological and socioeconomic issues as global warming and climate change and their implications for sustainability. The authors provide policy approaches and strategies to help create a balance among the often competing forces of environmental protection, innovation, entrepreneurship, and social and economic growth that will successfully benefit society and protect democratic values.
588 _aDescription based on publisher-supplied MARC data.
650 0 _aEnvironmental management.
650 0 _aIndustrial management.
650 0 _aIndustrial management
_xEnvironmental aspects.
650 0 _aKnowledge management.
650 0 _aManagement.
650 1 4 _aInnovation/Technology Management.
_0https://scigraph.springernature.com/ontologies/product-market-codes/518000
650 2 4 _aEnvironmental Management.
_0https://scigraph.springernature.com/ontologies/product-market-codes/U17009
650 2 4 _aKnowledge Management.
_0https://scigraph.springernature.com/ontologies/product-market-codes/515030
650 2 4 _aSustainability Management.
_0https://scigraph.springernature.com/ontologies/product-market-codes/515040
700 1 _aCampbell, David F. J,
_eauthor.
776 0 8 _iPrint version:
_tSmart quintuple Helix innovation systems : how social ecology and environmental protection are driving innovation, sustainable development and economic growth
_z9783030015169
_w(DLC) 2018956576
776 0 8 _iPrinted edition:
_z9783030015169
776 0 8 _iPrinted edition:
_z9783030015183
830 0 _aSpringerBriefs in Business,
_x2191-5482
985 _aspringerpcn
991 _as-Online
_hElectronic Resource
999 _c1676
_d1676